Multiple Time All-Pro QBs Quiz Stats

 Plays Quiz Updated Jan 12, 2018

Challenge
Share
Tweet
Embed
Score 0/14 Timer 04:00
0 Plays Today
Years Player % Correct
'03, '04, '05, '08, '09, '12, '13Peyton Manning
98.6%
'07, '10, '17Tom Brady
96.1%
'87, '89, '90Joe Montana
87%
'95, '96, '97Brett Favre
84.3%
'84, '85, '86Dan Marino
82.1%
'92, '93, '94Steve Young
80.8%
'11, '14Aaron Rodgers
76.8%
Years Player % Correct
'64, '65, '67Johnny Unitas
61.7%
'99, '01Kurt Warner
59.1%
'79, '82Dan Fouts
43.4%
'00, '02Rich Gannon
35.9%
'71, '77Bob Griese
35.7%
'62, '63Y.A. Tittle
29.1%
'68, '72Earl Morrall
10.2%

You're not logged in!

Compare scores with friends on all Sporcle quizzes.
OR
Log In

You Might Also Like...

Show Comments

Extras

Top Quizzes Today


Score Distribution

Your Account Isn't Verified!

In order to create a playlist on Sporcle, you need to verify the email address you used during registration. Go to your Sporcle Settings to finish the process.

Report this User

Report this user for behavior that violates our Community Guidelines.

Details: